| 000 | 00814cam a2200265 4500 | ||
|---|---|---|---|
| 001 | 6683 | ||
| 003 | BD-RjUL | ||
| 005 | 20211208234306.0 | ||
| 008 | 140112s1971 nyu b 001 0 eng d | ||
| 020 | _a0471981036 | ||
| 035 | _a(BD-RjUL)6724 | ||
| 040 |
_aDLC _cDLC _d(BD-RjUL) _beng |
||
| 041 | _aeng | ||
| 082 | 0 | 0 |
_a519.54 _bZAT _223 |
| 100 | 1 |
_aZacks, Shelemyahu, _d1932- _921007 |
|
| 245 | 1 | 4 |
_aThe theory of statistical inference / _cZacks, Shelemyahu, |
| 260 |
_aNew York : _bWiley ; _c[1971] |
||
| 300 |
_axiii, 609 p. ; _c24 cm. |
||
| 490 | 0 | _aWiley series in probability and mathematical statistics | |
| 504 | _aBibliography: p. 583-601. | ||
| 650 | 0 |
_aMathematical statistics. _921008 |
|
| 856 | _3Wiley series in probability and mathematical statistics | ||
| 942 |
_2ddc _cBK |
||
| 999 |
_c6683 _d6683 |
||